000 00771nam a22002177a 4500
999 _c13137
_d13137
003 AR-CdUCM
008 190409b ||||| |||| 00| 0 spa d
020 _a978-0-545-48874-7
040 _aMUNICIPALIDAD PROVINCIAL DEL CUSCO
_cBIBLIOTECA MUNICIPAL DEL CUSCO
082 _aEP / 592 /
_bAR73
100 _aArlon, Penelope
_930662
245 _aScholastic, explora tu mundo :
_bLa granja /
260 _aSingapur :
_bFirst spanish edition,
_c2013.
300 _a32 paginas
_c26 cm.
505 _aContenido :La granja -- Aves de corral -- Rancho ganadero -- Las ovejas -- Granja porcina ...
650 _aAnimales cuadrĂºpedos
_930663
650 _aCiencias naturales
_910176
700 _aGordon-Harris, Tory
_930664
942 _2ddc
_cLIBROS
945 _arum
_d2019-04-11